ბათუმის შოთა რუსთაველის სახელმწიფო უნივერსიტეტის ბიბლიოთეკა

Brilliant Employability skills (ბიბ.ჩანაწერი № 51449)

000 -LEADER
fixed length control field 00644nam a2200229Ia 4500
001 - CONTROL NUMBER
control field 18435
003 - CONTROL NUMBER IDENTIFIER
control field GE_BSU
008 - FIXED-LENGTH DATA ELEMENTS--GENERAL INFORMATION
fixed length control field 181216s||||||||xx |||||||||||||| ||und||
020 ## - INTERNATIONAL STANDARD BOOK NUMBER
International Standard Book Number 9780273749936
040 ## - CATALOGING SOURCE
Transcribing agency GE_BSU
080 ## - UNIVERSAL DECIMAL CLASSIFICATION NUMBER
Universal Decimal Classification number 331
100 ## - MAIN ENTRY--PERSONAL NAME
Personal name Trought, Frances
245 ## - TITLE STATEMENT
Title Brilliant Employability skills
245 ## - TITLE STATEMENT
Remainder of title How to Stand Out from the Crowd in the Graduate Job Market
260 ## - PUBLICATION, DISTRIBUTION, ETC.
Place of publication, distribution, etc. Harlow
260 ## - PUBLICATION, DISTRIBUTION, ETC.
Name of publisher, distributor, etc. Pearson
260 ## - PUBLICATION, DISTRIBUTION, ETC.
Date of publication, distribution, etc. 2012
300 ## - PHYSICAL DESCRIPTION
Extent 159 p. 22 cm.
653 ## - INDEX TERM--UNCONTROLLED
Uncontrolled term Brilliant Employability skills
653 ## - INDEX TERM--UNCONTROLLED
Uncontrolled term Brilliant Employability Skills: How to Stand Out from the Crowd in the Graduate Job Market
942 ## - ADDED ENTRY ELEMENTS (KOHA)
Koha item type წიგნი
ეგზემპლარები
Withdrawn status Lost status Damaged status Not for loan Date acquired Barcode Date last seen Price effective from Koha item type
        2018-12-17 47269 2018-12-17 2018-12-17 წიგნი
        2018-12-17 47270 2018-12-17 2018-12-17 წიგნი
        2018-12-17 47271 2018-12-17 2018-12-17 წიგნი